000
00328nam a2200145Ia 4500
008
150301s2015 xx 000 0 und d
082
_a
616.07
_b
P15M
100
_a
MOHAN, HARSH
245
_a
TB. OF PATHOLOGY
250
_a
7TH
260
_b
JAYPEE
_a
DELHI
_c
2015
300
_a
954
650
_a
PATHOLOGY
942
_2
ddc
_c
BK
_0
164
999
_c
6578
_d
6578